Srpski jezik i gramatika - Statistics

General Stats
  • This quiz has been taken 1 161 times
  • The average score is 24 of 46
Answer Stats
Question Answer % Correct
U kojoj reči se rečca "ne" piše odvojeno? neznam
98%
Koliko srpska azbuka ima slova? 30
91%
Koji padež služi za dozivanje? vokativ
86%
Kako se nazivaju različite reči istog značenja? sinonimi
83%
Kako se pravilno deli reč "prestrašeni" na slogove? pre - stra - še - ni
82%
Koliko ima padeža u srpskom jeziku? sedam
82%
Koji od navedenih suglasnika je usneni? M
79%
Koji je bezvučni par zvučnog suglasnika G? K
78%
Šta od navedenog nije stilska figura? turcizam
78%
Šta su reči "kućica", "cvetić" i "loptica"? deminutivi
77%
Koja je stilska figura u rečenici: "Livada kraj reke sanja..." personifikacija
71%
Na koja pitanje odgovara padež dativ? kome? čemu?
70%
"Jako" je prilog za... način
70%
Kako glasi komparativ prideva "zao"? gori
68%
Iza koje skraćenice se ne stavlja tačka? dr (doktor)
67%
Koja vrsta imenice je reč "ljubav"? misaona
67%
Kako se pravilno piše praznik koji pada 1. januara? Nova godina
66%
Glagoli su vrste reči kojima se označavaju tri pojave. Koja nije među njima? vreme
66%
Koje vrste reči su nepromenljive? predlozi
65%
Koliko vrsta akcenata postoji u srpskom jeziku? četiri
64%
Koje vrste pesama spadaju u lirsku poeziju? rodoljubne pesme
62%
Kako se naziva promena imenica po padežima? deklinacija
58%
U kom padežu se nalazi reč "kuća" u rečenici: "Moj brat zida kuću." u akuzativu
58%
Koji suglasnik može biti nosilac sloga? R
57%
Koja glasovna promena obuhvata prelazak K, G, H u C, Z, S? sibilarizacija
57%
Kako se naziva suvišno nagomilavanje reči istog značenja? pleonazam
54%
Šta u rečenici stoji uz imenicu i trajno je određuje po nekoj osobini ili pripadnosti? atribut
53%
Kako se zove neodređeni glagolski oblik? infinitiv
48%
Kojim znacima se obeležava apozicija? zarezima
48%
Šta je reč "pevao" u rečenici: "Ja bih pevao."? glagolski pridev radni
42%
Šta je nepravilno napisano? Organizacija Ujedinjenih nacija
41%
Glagoli se prema glagolskom rodu dele u tri grupe. Koja nije među njima? svršeni
41%
Koliko ima pomoćnih glagola u srpskom jeziku isključujući "jesam"? dva
37%
Kako se zove nauka koja se bavi proučavanjem oblika i građenja reči? morfologija
35%
Gde se govori čakavskim dijalektom? u Dalmaciji
35%
Kako se nazivao samoglasnik koji je postojao u govoru naših dalekih predaka? jat
30%
Koliko osnovnih dijalekata ima srpski jezik? tri
28%
Kojom stilskom figurom su misli izrečene u obrnutom značenju ili skriveno? alegorijom
27%
Koja glasovna promena je izvršena u reči "blaži"? jotovanje
21%
Šta su hipokoristici? reči sa emocionalnom bojom
20%
Koja od navedenih reči je prilog? zato
20%
Kakva rečenica je: "Bila je jeziva tišina, samo se u daljini čulo huktanje sove."? isključna
15%
Kako se označava kratkosilazni akcenat? \\
14%
Vuk Karadžić je u svoju reformatorsku ćirilicu uneo šest novih slova. Koje nije među njima? Č
10%
Šta je reč "avlija"? varvarizam
9%
Šta spada u proste glagolske oblike? futur II
7%
No matching quizzes found
Score Distribution
Percent of People with Each Score
Percentile by Number Answered
Your Score History
You have not taken this quiz